000 01341nam0a22002531 4500
001 rc\4718154
005 20260408081235.0
021 _aRU
_b[62-42030]
035 _a(NLR Aleph) 008728148
090 _a9460246
_c9460246
100 _a20130416d1962 |||y0rusy50 ca
101 0 _arus
102 _aRU
105 _ay z |||||
200 1 _aПеречень продукции машиностроения, согласованный с советами министров союзных республик, на которую утверждаются межреспубликанские технические условия (МРТУ2) Госкомитетом Совета Министров СССР по автоматизации и машиностроению
_eУтв. 27/II 1962 г.
_fГос. ком. Совета Министров СССР по автоматизации и машиностроению. ЦБТИ
210 _a[Москва
_cБ. и.
_d1962]
215 _a14 с.
_d22
606 _aПромышленное оборудование
_jКаталоги
_2psbo
710 0 1 _aСССР
_bКомитет по автоматизации и машиностроению
_3RU\NLR\AUTH\8810118597
_9736030
801 0 _aRU
_bNLR
_gpsbo
801 1 _aRU
_bELAR
_2rusmarc
852 _aNLR
_j62-6/6914
942 _cBOOK
980 _aNB